Gran atlas de Chile: histórico, geográfico y cultural
Uloženo v:
| Hlavní autor: | |
|---|---|
| Médium: | Kniha |
| Jazyk: | španělština |
| Vydáno: |
Santiago
Turiscom
2004
|
| Témata: | |
| Tagy: |
Přidat tag
Žádné tagy, Buďte první, kdo vytvoří štítek k tomuto záznamu!
|
MARC
| LEADER | 00000nam a2200000 a 4500 | ||
|---|---|---|---|
| 001 | UCK6594 | ||
| 003 | CL-VaPUC | ||
| 008 | 051007e20040000CL |||||||||||||||||spa|d | ||
| 020 | |a 9568237542 | ||
| 082 | 0 | 4 | |a 912.83 |b SAN |2 21 |
| 100 | 0 | |a Sánchez Reyes, Luis Jorge |e author |9 496026 | |
| 245 | 1 | 0 | |a Gran atlas de Chile: histórico, geográfico y cultural |
| 300 | |a 399 p | ||
| 942 | |c BK | ||
| 945 | |d 20051007 00:00:00 |a jcarroza | ||
| 260 | |a Santiago |b Turiscom |c 2004 | ||
| 650 | 0 | |a Atlas |9 260843 | |
| 650 | 0 | |a Mapas |9 260844 | |
| 650 | 0 | |a Geografía física |9 259347 | |
| 650 | 0 | |a Geomorfología |9 261377 | |
| 651 | 7 | |a CHILE |2 CL-VaPUC |9 496027 | |
| 583 | |a last modification |c 20051007 00:00:00 |k Rodrigo Vera | ||
| 999 | |c 314867 |d 314865 | ||
| 952 | |0 0 |1 0 |4 0 |6 912_830000000000000_SAN_2004 |7 0 |8 P |9 387651 |a BIBARQ |b BIBARQ |d 2019-11-22 |i 4172671 |o 912.83 SAN 2004 |p 4172671 |r 2025-01-20 |w 2019-11-22 |y BK |k ARQ | ||
| 952 | |0 0 |1 0 |4 0 |6 912_830000000000000_SAN_2004 |7 0 |8 X |9 387652 |a BIBHIS |b BIBHIS |d 2019-11-22 |i 4235762 |o 912.83 SAN 2004 |p 4235762 |r 2024-01-30 |w 2019-11-22 |y BK_X |k HIS | ||